000 00653nam a2200229Ia 4500
005 20241216010123.0
008 180423s9999||||xx |||||||||||||| ||und||
020 _a2-7186-0480-8
082 _a384.55
_bD58
100 _aDERRIDA JACQUES
245 0 _aECOGRAFIAS DE LA TELEVISION
_bENTREVISTA FILMADAS
250 _a0
260 _aARGENTINA
_bU. DE BUENOS AIRES
_c1996
300 _a199 pag.
_c24 cm
341 _h129.77
490 _v0
_a0
505 _aTELETECNOLOGIA-FONOGRAFIAS/ESPECTOGRAFIAS-IMAGENES-DISCRETO
541 _aC
_bSAN CRISTOBAL S.A.
_d22-Jun-99
_odólar
650 _aCIENCIAS SOCIALES
856 _zHumanidades
942 _cLIBRO
999 _c6044
_d6044